Tradición y novedad en la ciencia del lenguaje. Estudios de historia de la lingüística.

Na minha lista:
Detalhes bibliográficos
Autor principal: Coseriu, Eugenio (autor)
Formato: Livro
Idioma:espanhol
Publicado em: Madrid, España: Gredos, 1977.
Colecção:Biblioteca Románica Hispánica. Estudios y Ensayos, 265.
Assuntos:
Tags: Adicionar Tag
Sem tags, seja o primeiro a adicionar uma tag!

MARC

LEADER 00000nam a2200000 a 4500
001 UCQ2419
003 CL-VaPUC
005 20220822114339.0
008 980724e19770000SP |||||||||||||||||spa|d
999 |c 273243  |d 273241 
020 |a 84-249-0729-9 
040 |c Pontificia Universidad Católica de Valparaíso 
082 0 4 |a 410 COS 1977  |2 21 
100 0 |a Coseriu, Eugenio  |e autor  |9 416326 
245 1 0 |a Tradición y novedad en la ciencia del lenguaje.  |b Estudios de historia de la lingüística. 
260 |a Madrid, España:   |b Gredos,   |c 1977. 
300 |a 372 páginas.  
490 0 |a Biblioteca Románica Hispánica. Estudios y Ensayos, 265.  
500 |a c.3 Donación Familia Prof. Alejandro Guzmán Brito. 
583 |a last modification  |c 19980724 00:00:00  |k Rodrigo Vera 
650 0 |a Lingüística  |9 265068 
650 0 |a Lingüística  |2 CL-VaPUC  |9 265068  |x Historia  
650 0 |a Teoría lingüística   |2 CL-VaPUC  |9 493548 
650 0 |a Etimología  |9 337976 
650 0 |a Semántica  |9 265318 
942 |c BK  |2 ddc  |n 0 
945 |d 19980724 00:00:00  |a crobeson 
952 |0 0  |1 0  |4 0  |6 410_000000000000000_COS_1977  |7 0  |8 A  |9 308640  |a BIBEDU  |b BIBEDU  |d 2019-11-20  |i 1445359  |o 410 COS 1977  |p 1445359  |r 2019-11-20  |w 2019-11-20  |y BK  |k LIT 
952 |0 0  |1 0  |4 0  |6 410_000000000000000_COS_1977  |7 0  |8 A  |9 308641  |a FDOPOS  |b FDOPOS  |d 2019-11-20  |i 4274806  |o 410 COS 1977  |p 4274806  |r 2025-01-22  |w 2019-11-20  |y BK  |k MLA